| 000 | 00387nam a22001697a 4500 | ||
|---|---|---|---|
| 003 | SGT | ||
| 020 | _a9789389587258 | ||
| 082 |
_a616.1207 _bE22A |
||
| 100 | _aABDULLAH, ABM | ||
| 245 | _aECG IN MEDICAL PRACTICE | ||
| 250 | _a5TH | ||
| 260 |
_aINDIA _bJAYPEE PUB _c2022 |
||
| 300 | _a352 | ||
| 650 | _aGENERAL MEDICINE | ||
| 653 | _aECG IN MEDICAL PRACTICE | ||
| 942 |
_2ddc _cBK _01 |
||
| 999 |
_c25461 _d25461 |
||